| 000 | 01608nam a22003734a 4500 | ||
|---|---|---|---|
| 001 | ebr10298323 | ||
| 003 | CaPaEBR | ||
| 006 | m u | ||
| 007 | cr cn||||||||| | ||
| 008 | 060104s2006 cou sb 000 0 eng | ||
| 010 | _z 2006000100 | ||
| 016 | 7 |
_z101277504 _2DNLM |
|
| 020 | _z1555915647 | ||
| 020 | _z9781555915643 | ||
| 040 |
_aCaPaEBR _cCaPaEBR |
||
| 035 | _a(OCoLC)427510678 | ||
| 043 | _an------ | ||
| 050 | 1 | 4 |
_aE98.M4 _bD45 2006eb |
| 082 | 0 | 4 |
_a299.7 _222 |
| 100 | 1 | _aDeloria, Vine. | |
| 245 | 1 | 4 |
_aThe world we used to live in _h[electronic resource] : _bremembering the powers of the medicine men / _cVine Deloria, Jr. |
| 260 |
_aGolden, Colo. : _bFulcrum Pub., _cc2006. |
||
| 300 | _axxxii, 237 p. | ||
| 504 | _aIncludes bibliographical references (p. 227-237). | ||
| 505 | 0 | _aThe approach of the sacred -- Powers conferred on the medicine men -- Continuing communications -- Interspecies relations -- The land and the cosmos -- Sacred stones and places -- Unusual exploits of medicine men. | |
| 533 |
_aElectronic reproduction. _bPalo Alto, Calif. : _cebrary, _d2013. _nAvailable via World Wide Web. _nAccess may be limited to ebrary affiliated libraries. |
||
| 650 | 0 |
_aShamans _zNorth America. |
|
| 650 | 0 |
_aIndians of North America _xMedicine. |
|
| 650 | 0 |
_aIndians of North America _xReligion. |
|
| 650 | 0 |
_aIndians of North America _xRites and ceremonies. |
|
| 655 | 7 |
_aElectronic books. _2local |
|
| 710 | 2 | _aebrary, Inc. | |
| 856 | 4 | 0 |
_uhttp://site.ebrary.com/lib/rucke/Doc?id=10298323 _zAn electronic book accessible through the World Wide Web; click to view |
| 999 |
_c167232 _d167232 |
||